Movies Quiz

Random Movies or Star Trek Quiz
Score 0/6 Timer 01:00
0 Plays Today
% Correct
Worf
87.5%
LaForge
83.9%
Picard
71.4%
Troi
71.4%
Riker
69.6%
Dr. Crusher
62.5%

You're not logged in!

Compare scores with friends on all Sporcle quizzes.
OR
Log In

Sporcle TV

Today on Sporcle TV


Watch our educational content, quiz creation guides, and fun videos on Sporcle TV.

Show Comments

Extras

Top Quizzes Today


Score Distribution

Paid Content

Your Account Isn't Verified!

In order to create a playlist on Sporcle, you need to verify the email address you used during registration. Go to your Sporcle Settings to finish the process.

Report this User

Report this user for behavior that violates our Community Guidelines.

Details: